| 000 | 00342nam a2200133Ia 4500 | ||
|---|---|---|---|
| 008 | 220216s9999 xx 000 0 und d | ||
| 100 | _aPrice C W | ||
| 245 | 0 | _aFactory act and its relation to the rubber industry | |
| 260 |
_bIRI Transactions _c1938 |
||
| 300 | _a16-29 | ||
| 650 | _aFactory act | ||
| 650 | _aRubber industry | ||
| 942 | _cJS | ||
| 999 |
_c59264 _d59264 |
||